000 00384nam a22001697a 4500
003 OSt
008 240401b |||||||| |||| 00| 0 eng d
020 _a9780194798501
082 _a423 HOO
100 _aHORN, AS
245 _aOXFORD ADVANCED LEARNERS DICTIONARY
250 _a10th
260 _aUK
_bOXFORD
_c2020
300 _axii,1820
650 _aGeneral
942 _2ddc
_cREF
999 _c12363
_d12363